000 00743nam a2200241Ia 4500
003 OSt
005 20220923223525.0
006 a|||||r|||| 00| 0
007 ta
008 Pun
024 _a218,602
037 _cTextual
040 _aARTS
_cARTS
_bPun
041 _2Pun
_aPun
082 _aO153,3:g, P2
100 _aਸਿੰਘ, ਭੀਮ ਇੰਦਰ
245 0 _aਆਧੁਨਿਕ ਪੰਜਾਬੀ ਕਹਾਣੀ
_b ਸਿਆਸੀ ਪਰਿਪੇਖ
260 _aਜਲਧੰਰ
_b ਕੁਕਨੁਸ ਪ੍ਰਕਾFਨ
_c2002
300 _a192ਪੰ
_ccm.
650 _aਪੰਜਾਬੀ ਸਾਹਿਤ
942 _hO153,3:g, P2
_cTEXL
_2CC
999 _c365964
_d365964